| 000 | 00376 a2200121 4500 | ||
|---|---|---|---|
| 001 | ART_10701 | ||
| 005 | 20260410161831.0 | ||
| 008 | 260409a | ||
| 245 | 1 | 0 | _aEl origen político-fiscal de la inflación |
| 100 | 1 | _aGiacomini, Diego P. | |
| 700 | 1 | _aMilei, Javier Gerardo | |
| 773 | 0 |
_tActualidad Económica _g- Año XV, Nº 57 (jul./dic. 2005) _wREV5083 |
|
| 999 |
_c23210 _d23210 |
||